خطبات آزاد / (Record no. 108635)

MARC details
000 -LEADER
fixed length control field 00915nam a22002657a 4500
005 - DATE AND TIME OF LATEST TRANSACTION
control field 20170123162342.0
010 ## - LIBRARY OF CONGRESS CONTROL NUMBER
LC control number 764862
020 ## - INTERNATIONAL STANDARD BOOK NUMBER
Terms of availability 18.00
035 ## - SYSTEM CONTROL NUMBER
System control number 764862
037 ## - SOURCE OF ACQUISITION
Source of stock number/acquisition Cen Lib/Ret
040 ## - CATALOGING SOURCE
Original cataloging agency DPL
Language of cataloging UR
082 ## - DEWEY DECIMAL CLASSIFICATION NUMBER
Classification number 040
Item number ا ب و
100 ## - MAIN ENTRY--PERSONAL NAME
Personal name ابو کلام آزاد
9 (RLIN) 127983
245 ## - TITLE STATEMENT
Title خطبات آزاد /
Statement of responsibility, etc ابو کلام آزاد ؛ مرتجم مالک رام
246 ## - VARYING FORM OF TITLE
Title proper/short title Khutbaat-e-Azad /
Remainder of title by Abu kalam Azad ; translated by Malik Ram
260 ## - PUBLICATION, DISTRIBUTION, ETC. (IMPRINT)
Place of publication, distribution, etc نیی دہلی
Name of publisher, distributor, etc ساہتیہ اکادمی
Date of publication, distribution, etc 1974
270 ## - ADDRESS
City نیی دہلی
Address رویندرا بھون ٣٥، فیروز شاہ مارگ
Postal code 110001
300 ## - PHYSICAL DESCRIPTION
Extent 436p.
Dimensions 21cm(Hb)
500 ## - GENERAL NOTE
General note کتابیات
650 ## - SUBJECT ADDED ENTRY--TOPICAL TERM
Topical term or geographic name as entry element صحافت
9 (RLIN) 127984
650 ## - SUBJECT ADDED ENTRY--TOPICAL TERM
Topical term or geographic name as entry element خطابات - آزاد
9 (RLIN) 109143
650 ## - SUBJECT ADDED ENTRY--TOPICAL TERM
Topical term or geographic name as entry element Juornalism
9 (RLIN) 127985
650 ## - SUBJECT ADDED ENTRY--TOPICAL TERM
Topical term or geographic name as entry element Speaches -- Azad
9 (RLIN) 127986
942 ## - ADDED ENTRY ELEMENTS (KOHA)
Source of classification or shelving scheme Dewey Decimal Classification
Koha item type Urdu Bks
Classification part 040
Call number suffix ا ب و
Holdings
Withdrawn status Lost status Damaged status Not for loan Home library Current library Date acquired Source of acquisition Cost, normal purchase price Total Checkouts Full call number Barcode Date last seen Date checked out Copy number Cost, replacement price Price effective from Koha item type
        Central Library Central Library 25/01/2016 Cen Lib/Ret 18.00 1 040 ا ب و 764862 24/09/2019 09/09/2019 1 18.00 25/01/2016 Urdu Bks

© Delhi Public Library
Hit Counter
free hit counter